000 00475nam a2200169Ia 4500
005 20250923145825.0
008 008 250917s9999 xx 000 0 eng d
037 _aTextual
040 _aDSWL
_beng
_cDSWL
041 _aeng
_2eng
084 _aYX;5x2, N89
_qDSWL
245 0 _aSocial welfare in India issues & challenges
_cby T.I.S.S.
260 _aBombay
_bT.I.S.S.
_c1989
300 _av,439p.
942 _cTEXL
_hYX;5x2, N89
999 _c1456136
_d1456136